Alphabetical Fivesomes Quiz Stats

 Plays Quiz Updated Feb 26, 2015

Score 0/50 Timer 06:00
6 Plays Today
% Correct
Atlantic
90.1%
Touch
87.4%
Taste
86.8%
Hearing
86.7%
Indian
86.7%
Smell
86.6%
Pacific
85.9%
Sight
85.5%
Arctic
83.7%
Superior
82.7%
Erie
82.4%
Ontario
81.6%
Southern
81.4%
Huron
81.2%
Michigan
80.5%
Baby
78.5%
Ginger
78.4%
Ace
78.2%
Sporty
77.4%
Posh
77%
King
76%
Scary
76%
Jack
75%
Brooklyn
74.7%
Fred
74.6%
% Correct
Velma
74.1%
Shaggy
73.9%
Depression
73.6%
Manhattan
73%
Staten Island
72.4%
Daphne
72.4%
Charlie
71.9%
Ten
71.8%
Scooby-Doo
71.4%
Queens
68.9%
Anger
68.3%
Violet
68%
Denial
67.6%
Genesis
67.1%
Leviticus
66.4%
Exodus
66.3%
Numbers
65.7%
Veruca
64.6%
Queen
64.6%
Bronx
63.8%
Augustus
63%
Acceptance
62.4%
Mike
61.4%
Bargaining
57.3%
Deuteronomy
57.3%

You're not logged in!

Compare scores with friends on all Sporcle quizzes.
OR
Log In

Show Comments

Extras

Top Quizzes Today


Score Distribution

Your Account Isn't Verified!

In order to create a playlist on Sporcle, you need to verify the email address you used during registration. Go to your Sporcle Settings to finish the process.

Report this User

Report this user for behavior that violates our Community Guidelines.

Details: